000 00869nam a2200241 u 4500
001 000055457
005 20200120223111.0
008 130605s1968 ck gr 000 0 spa d
041 _a/spa
043 _as-ck---
082 0 4 _a866.5
_bC82e 1968
_221
100 1 _aCuervo, Rufino José,
_d1844-1911
245 1 0 _aEpistolario de Rufino José Cuervo y Hugo Schuchardt /
_cedición, introducción y notas de Dieter Bross.
260 _aBogotá :
_bInstituto Caro y Cuervo,
_c1968.
300 _a454 p. :
_bil., facsíms.
490 0 _aArchivo epistolar colombiano ;
_v2
500 _aIncluye notas al pie del texto.
600 1 7 _aCuervo, Rufino José,
_d1844-1911
_xCorrespondencia, memorias, etc..
650 1 4 _aCartas colombianas.
_vColecciones
650 2 4 _aCartas alemanas
_vColecciones
700 1 _aSchuchard, Hugo,
_d1842-1927.
700 1 _aBross, Dieter,
_eeditor.
999 _c5019
_d5019